000 00534cam a2200229 4500
001 J84003
008 090401t1996 xxu||||| |||| 00| 0 eng d
020 _a1566900980
035 _a(Sirsi) u78391
041 _aeng
050 _a333.70285
100 _aDavis, Bruce E.
245 _aGIS : a visual approach.
260 _aSanta Fe, N.M.
_bOnWord Press
_c1996
300 _axii,374p. : ill. ; 23cm.
350 _a25.95
650 _aGIS
650 _aGIS
690 _aLAND SURVEYING
942 _n0
948 _c19/05/1997
999 _c96436
_d96436